000 00422nam a22001697a 4500
999 _c11841
_d11841
003 OSt
008 230228b ||||| |||| 00| 0 eng d
020 _a9789393501600
082 _a658.408 PAC
100 _aPALERI,Prabhakaran
245 _aCorporate Social Responsibility
250 _a1st IMP
260 _aNew Delhi
_bCangage
_c2022
300 _a443
650 _aCorporate Social Responsibility
942 _2ddc
_cBK